Joueurs PSG-OM - Statistiques

Statistiques générales
  • Ce quiz a été pris 470 fois
  • Le résultat moyen est 6 sur 49
Statistiques - réponses
Joueur % Correct
Lassana Diarra
63%
Hatem Ben Arfa
49%
Gabriel Heinze
46%
Fabrice Fiorèse
31%
Frédéric Déhu
26%
Lorik Cana
25%
George Weah
24%
Jérôme Leroy
19%
Jérôme Leroy
19%
Édouard Cissé
17%
Modeste M'Bami
15%
Claude Makélélé
14%
Peguy Luyindula
13%
Jérôme Alonzo
12%
Alain Roche
11%
Florian Maurice
11%
Peter Luccin
11%
Stéphane Dalmat
11%
Bruno Germain
10%
Bruno Germain
10%
Daniel Bravo
10%
Laurent Fournier
10%
Zoumana Camara
10%
Patrick Colleter
7%
André Luiz
6%
Bruno Ngotty
6%
Jean Djorkaeff
6%
Jocelyn Angloma
6%
Xavier Gravelaine
6%
Xavier Gravelaine
6%
Bernard Pardo
5%
Cyrille Pouget
5%
Djamel Belmadi
5%
Kaba Diawara
5%
Pascal Nouma
5%
Fabrice Abriel
3%
Daniel Xuereb
2%
Yvon Le Roux
2%
Benoît Cauet
1%
Jean-Pierre Dogliani
1%
Jean-Pierre Tokoto
1%
Marcel De Falco
1%
Michel N'Gom
1%
Sarr Boubacar
1%
Sarr Boubacar
1%
Thierry Laurey
1%
William Ayache
1%
Claude Lowitz
0%
J-P Destrumelle
0%
Aucun quiz correspondant
Distribution des résultats
% des personnes avec chaque résultat
Percentile par nombre de réponses
Votre historique - résultats
Vous n’avez pas pris ce quiz